AFI Top 10 II Quiz Stats

 Plays Quiz Updated Oct 23, 2018

Score 0/60 Timer 10:00
2 Plays Today
Rank % Correct
GangsterThe Godfather
92.4%
FantasyLord of the Rings: The Fellowship of the Ring
88%
SportsRocky
87.2%
FantasyThe Wizard of Oz
84.2%
EpicTitanic
81.1%
GangsterScarface: The Shame of a Nation
73.4%
GangsterScarface
73.4%
GangsterGoodfellas
73.4%
GangsterThe Godfather Part II
70.7%
FantasyBig
68%
FantasyField of Dreams
66.8%
SportsRaging Bull
63.8%
GangsterPulp Fiction
62.8%
Courtroom DramaA Few Good Men
61.4%
Courtroom DramaTo Kill a Mockingbird
60.4%
SportsJerry Maguire
58.6%
FantasyGroundhog Day
58.5%
EpicGone with the Wind
56.7%
SportsHoosiers
54.8%
EpicBen-Hur
54.3%
FantasyIt's a Wonderful Life
50.4%
EpicSaving Private Ryan
50.2%
SportsBull Durham
49.2%
Courtroom DramaKramer vs. Kramer
48.6%
Courtroom Drama12 Angry Men
48.1%
SportsCaddyshack
48.1%
MysteryThe Usual Suspects
45.7%
EpicThe Ten Commandments
45.5%
EpicLawrence of Arabia
45.4%
EpicSchindler's List
42.8%
Rank % Correct
MysteryRear Window
40.5%
EpicSpartacus
39.8%
FantasyKing Kong
38.4%
MysteryVertigo
36.1%
GangsterBonnie and Clyde
35.2%
MysteryChinatown
34.7%
MysteryThe Maltese Falcon
31.9%
MysteryNorth by Northwest
29.6%
SportsThe Pride of the Yankees
25.7%
SportsThe Hustler
25.4%
EpicReds
23.5%
FantasyHarvey
23.4%
MysteryBlue Velvet
17.6%
Courtroom DramaThe Verdict
16.5%
MysteryThe Third Man
14.3%
GangsterWhite Heat
13%
MysteryDial M for Murder
12%
GangsterThe Public Enemy
11.1%
SportsBreaking Away
10.1%
FantasyMiracle on 34th Street
10%
Courtroom DramaIn Cold Blood
8.8%
GangsterLittle Caesar
8.6%
SportsNational Velvet
7.7%
Courtroom DramaAnatomy of a Murder
7.5%
MysteryLaura
7.1%
EpicAll Quiet on the Western Front
6.8%
Courtroom DramaWitness for the Prosecution
6.7%
Courtroom DramaJudgment at Nuremberg
6.4%
Courtroom DramaA Cry in the Dark
5.4%
FantasyThe Thief of Bagdad
2.8%

You're not logged in!

Compare scores with friends on all Sporcle quizzes.
OR
Log In

Sporcle TV

Today on Sporcle TV


Watch our educational content, quiz creation guides, and fun videos on Sporcle TV.

Show Comments

Extras

Top Quizzes Today


Score Distribution

Your Account Isn't Verified!

In order to create a playlist on Sporcle, you need to verify the email address you used during registration. Go to your Sporcle Settings to finish the process.

Report this User

Report this user for behavior that violates our Community Guidelines.

Details: